Dlhová kríza

Svetová finančná kríza, ktorá viedla k svetovej recesii, výraznou mierou negatívne ovplyvnila vývoj verejných financií. V dôsledku svetovej recesie zníženie príjmov do štátneho rozpočtu, dodatočné výdavky spojené s odkúpením zlých aktív, so zavedením automatických stabilizátorov prispeli k neudržate...

Descripción completa

Guardado en:
Detalles Bibliográficos
Autor principal: Sipko, Juraj
Formato: Capítulo de libro
Lenguaje:eslovaco
Materias:
Etiquetas: Agregar Etiqueta
Sin Etiquetas, Sea el primero en etiquetar este registro!

MARC

LEADER 00000nla a2200000 4500
001 0159814
005 20221103134414.7
041 0 |a slo 
044 |a SK 
245 1 0 |a Dlhová kríza  |c Juraj Sipko 
520 |a Svetová finančná kríza, ktorá viedla k svetovej recesii, výraznou mierou negatívne ovplyvnila vývoj verejných financií. V dôsledku svetovej recesie zníženie príjmov do štátneho rozpočtu, dodatočné výdavky spojené s odkúpením zlých aktív, so zavedením automatických stabilizátorov prispeli k neudržateľnosti verejných financií, t.j. spôsobili nárast tak fiškálneho deficitu, ako aj verejného dlhu. Príspevok charakterizuje niektoré aspekty, ktoré viedli k súčasnej fiškálnej neudržateľnosti, hlavne v niektorých štátoch eurozóny. 
610 2 0 |a hospodárstvo svetové 
610 2 0 |a nerovnováha hospodárska 
610 2 0 |a kríza finančná 
610 2 0 |a recesia 
610 2 0 |a financie verejné 
610 2 0 |a dlhy 
610 2 0 |a deficit 
610 2 0 |a eurozóna 
100 1 |a Sipko, Juraj